000 00548nam a2200205Ia 4500
005 20240430124146.0
008 131103s9999 xx 000 0 und d
040 _aLoreto College
041 _aEnglish
082 _a371.42
_bTAI
100 _aTaiwo, Adediran A
245 _aFundamentals of Classroom Testing
_cAdediran A Taiwo
260 _aNew Delhi
_bVikas
_c1995
300 _av,177p.
_b ill., chart
504 _aIncludes index
650 _aEducation
651 _aStudent guidance and counseling
850 _aLCBED
942 _cBK
999 _c25970
_d76449